Geography Quiz

Random Geography or City Quiz

2 Minute Blitz: Top 50 World Metro Areas Quiz Stats

 Plays Quiz not verified by Sporcle

Challenge
Share
Tweet
Embed
Score 0/50 Timer 02:00
0 Plays Today
Country Metro Area % Correct
JapanTokyo
98.6%
ChinaShanghai
94.6%
IndonesiaJakarta
94.6%
United StatesLos Angeles
94.6%
South KoreaSeoul-Gyeonggi-Incheon
93.2%
ChinaBeijing
91.9%
United StatesNew York City
91.9%
IndiaDelhi
91.9%
BrazilSao Paulo
90.5%
PhilippinesManila
90.5%
PakistanKarachi
89.2%
JapanOsaka-Kobe-Kyoto
87.8%
IndiaMumbai
87.8%
RussiaMoscow
87.8%
MexicoMexico City
86.5%
EgyptGreater Cairo
86.5%
BrazilRio de Janeiro
86.5%
FranceParis
86.5%
ArgentinaBuenos Aires
85.1%
United KingdomLondon
85.1%
BangladeshDhaka
82.4%
ChinaGuangzhou-Foshan
81.1%
ThailandBangkok
81.1%
NigeriaLagos
79.7%
TurkeyIstanbul
79.7%
Country Metro Area % Correct
IranTehran
77%
PeruLima
75.7%
United StatesChicago
75.7%
IndiaKolkata
74.3%
Democratic Republic of the CongoKinshasa
70.3%
PakistanLahore
68.9%
ColombiaBogota
68.9%
ChinaHong Kong
68.9%
IndiaChennai
62.2%
TaiwanTaipei
59.5%
VietnamHo Chi Minh City
56.8%
South AfricaJohannesburg-East Rand
56.8%
MalaysiaKuala Lumpur
54.1%
IndiaHyderabad
48.6%
JapanNagoya
47.3%
ChinaWuhan
45.9%
ChinaChongqing
44.6%
ChinaTianjin
43.2%
ChinaShenzhen
41.9%
ChinaChengdu
40.5%
IndiaAhmedabad
31.1%
ChinaHangzhou
17.6%
IndiaBengaluru
10.8%
ChinaDongguan
6.8%
ChinaQuanzhou
1.4%

You're not logged in!

Compare scores with friends on all Sporcle quizzes.
Join for Free
OR
Log In

You Might Also Like...

Show Comments

Extras

Top Quizzes Today


Score Distribution

Your Account Isn't Verified!

In order to create a playlist on Sporcle, you need to verify the email address you used during registration. Go to your Sporcle Settings to finish the process.

Report this User

Report this user for behavior that violates our Community Guidelines.

Details: